<?xml version="1.0" encoding="UTF-8"?>
<record
    xmlns:xsi="http://www.w3.org/2001/XMLSchema-instance"
    xsi:schemaLocation="http://www.loc.gov/MARC21/slim http://www.loc.gov/standards/marcxml/schema/MARC21slim.xsd"
    xmlns="http://www.loc.gov/MARC21/slim">

  <leader>00976    a2200241   4500</leader>
  <controlfield tag="005">20080924111043.0</controlfield>
  <controlfield tag="008">080924t        xxu||||| |||| 00| 0 eng d</controlfield>
  <datafield tag="010" ind1=" " ind2=" ">
    <subfield code="a">ENG-91109</subfield>
  </datafield>
  <datafield tag="020" ind1=" " ind2=" ">
    <subfield code="a">9788189915926</subfield>
    <subfield code="c">780.00</subfield>
  </datafield>
  <datafield tag="035" ind1=" " ind2=" ">
    <subfield code="a">EN-74642</subfield>
  </datafield>
  <datafield tag="037" ind1=" " ind2=" ">
    <subfield code="b">DBAD / PUB</subfield>
  </datafield>
  <datafield tag="040" ind1=" " ind2=" ">
    <subfield code="a">dpl</subfield>
    <subfield code="b">English </subfield>
  </datafield>
  <datafield tag="082" ind1=" " ind2=" ">
    <subfield code="a">338.915</subfield>
  </datafield>
  <datafield tag="245" ind1=" " ind2=" ">
    <subfield code="a">Economic cooperation and Asian countries /</subfield>
    <subfield code="c">edited by Prankrishna Pal</subfield>
  </datafield>
  <datafield tag="260" ind1=" " ind2=" ">
    <subfield code="a">New Delhi</subfield>
    <subfield code="b">Regal Publications</subfield>
    <subfield code="c">2008</subfield>
  </datafield>
  <datafield tag="270" ind1=" " ind2=" ">
    <subfield code="a">F-159, Rajouri Garden</subfield>
    <subfield code="b">New Delhi</subfield>
    <subfield code="e">110 027</subfield>
    <subfield code="k">011-45546396</subfield>
    <subfield code="m">regalbookspub@yahoo.com</subfield>
  </datafield>
  <datafield tag="300" ind1=" " ind2=" ">
    <subfield code="a">xviii, 230 p.</subfield>
    <subfield code="c">23 cm. (Hb.)</subfield>
  </datafield>
  <datafield tag="500" ind1=" " ind2=" ">
    <subfield code="a">Includes bibliographical references and index</subfield>
  </datafield>
  <datafield tag="650" ind1=" " ind2=" ">
    <subfield code="a">International economic relations</subfield>
    <subfield code="z">Asia</subfield>
  </datafield>
  <datafield tag="700" ind1=" " ind2=" ">
    <subfield code="a">Pal, Prankrishna</subfield>
  </datafield>
  <datafield tag="942" ind1=" " ind2=" ">
    <subfield code="a">dpl</subfield>
    <subfield code="c">EN</subfield>
    <subfield code="2">ddc</subfield>
    <subfield code="m">ECO</subfield>
    <subfield code="h">338.915</subfield>
  </datafield>
  <datafield tag="999" ind1=" " ind2=" ">
    <subfield code="c">16173</subfield>
    <subfield code="d">16173</subfield>
  </datafield>
  <datafield tag="952" ind1=" " ind2=" ">
    <subfield code="0">0</subfield>
    <subfield code="1">0</subfield>
    <subfield code="2">ddc</subfield>
    <subfield code="4">0</subfield>
    <subfield code="7">1</subfield>
    <subfield code="8">NFIC</subfield>
    <subfield code="a">DBAD</subfield>
    <subfield code="b">DBAD</subfield>
    <subfield code="d">2008-10-03</subfield>
    <subfield code="e">DBAD / PUB</subfield>
    <subfield code="g">780.00</subfield>
    <subfield code="l">0</subfield>
    <subfield code="o">338.915 ECO</subfield>
    <subfield code="p">EN-74642</subfield>
    <subfield code="r">2008-10-03 00:00:00</subfield>
    <subfield code="t">1</subfield>
    <subfield code="v">780.00</subfield>
    <subfield code="w">2008-10-03</subfield>
    <subfield code="y">EN</subfield>
  </datafield>
</record>
